[Event "COL-ch sf (Women)"]
[Site "Pereira"]
[Date "2024.03.31"]
[Round "9"]
[White "Diaz Gonzalez, Ana Sofia"]
[Black "Mendoza Gomez, Juana Fernanda"]
[Result "1/2-1/2"]
[WhiteElo "1749"]
[BlackElo "1803"]
[PlyCount "84"]
[EventDate "2024.03.27"]
[EventType "swiss"]
[EventRounds "9"]
[EventCountry "COL"]
[SourceTitle "CB14_2024"]
[SourceDate "2024.04.01"]
[SourceVersion "1"]
[SourceVersionDate "2024.04.01"]
[SourceQuality "1"]

1. e4 c5 2. Nf3 Nc6 3. Bb5 e6 4. Bxc6 bxc6 5. d3 Qc7 6. Nbd2 Ne7 7. 0-0 Ng6 8. Re1 Be7 9. c4 0-0 10. Nb3 d6 11. Be3 e5 12. Rf1 f5 13. exf5 Bxf5 14. Ng5 Bxg5 15. Bxg5 a5 16. Nc1 Be6 17. Ne2 h6 18. Be3 Nf4 19. f3 Qf7 20. Qd2 g5 21. Ng3 Bf5 22. Ne4 Bxe4 23. dxe4 Rfd8 24. Bxf4 gxf4 25. Qc3 a4 26. Rfd1 Qg6 27. Rd3 Kf7 28. Rad1 Ke7 29. Qc2 Rd7 30. Qd2 h5 31. Qf2 Qf6 32. Ra3 Rb7 33. b3 Rb4 34. Rxa4 Raxa4 35. bxa4 Rxc4 36. a5 Ra4 37. Qb2 Qe6 38. a6 Qd7 39. Qb6 Rb4 40. Qa5 Qa7 41. Kh1 Rb6 42. Qd2 Qc7 1/2-1/2

[Event "COL-ch sf (Women)"]
[Site "Pereira"]
[Date "2024.03.28"]
[Round "3"]
[White "Mendoza Gomez, Juana Fernanda"]
[Black "Hernandez Fonseca, Maria Paula"]
[Result "0-1"]
[WhiteElo "1803"]
[BlackElo "1995"]
[PlyCount "126"]
[EventDate "2024.03.27"]
[EventType "swiss"]
[EventRounds "9"]
[EventCountry "COL"]
[SourceTitle "CB14_2024"]
[SourceDate "2024.04.01"]
[SourceVersion "1"]
[SourceVersionDate "2024.04.01"]
[SourceQuality "1"]

1. d4 d5 2. c4 e6 3. Nf3 Nf6 4. g3 Be7 5. Bg2 0-0 6. 0-0 dxc4 7. Ne5 a6 8. Nc3 Nd5 9. Nxc4 b5 10. Ne5 Bb7 11. Ne4 Nd7 12. Nd3 f5 13. Nec5 Nxc5 14. Nxc5 Bxc5 15. dxc5 Qe7 16. Qd4 Rad8 17. b4 Nb6 18. Qc3 Nd5 19. Qd4 Nb6 20. Qc3 Bxg2 21. Kxg2 Nd5 22. Qb3 f4 23. f3 Qf6 24. Bd2 c6 25. Rad1 Qg6 26. a3 e5 27. Rc1 Kh8 28. e4 Nf6 29. Qc2 Rd7 30. Rfd1 Rfd8 31. Bc3 Qg5 32. Rxd7 Rxd7 33. Rd1 fxg3 34. hxg3 Nh5 35. Rxd7 Qxg3+ 36. Kf1 Qh3+ 37. Ke1 Qxd7 38. Bxe5 Qe6 39. Bh2 Qf6 40. Qd2 h6 41. Ke2 Qe6 42. Qd3 Qa2+ 43. Qd2 Qxa3 44. e5 Qb3 45. Qd8+ Kh7 46. Qd3+ Qxd3+ 47. Kxd3 Kg6 48. Ke4 Kf7 49. f4 g6 50. f5 gxf5+ 51. Kxf5 Ng7+ 52. Kg4 Ke6 53. Kf4 Nf5 54. Ke4 Ne7 55. Bf4 h5 56. Bd2 h4 57. Kf4 Nd5+ 58. Kg4 Kxe5 59. Kxh4 Kd4 60. Kg4 Kc4 61. Kf5 Nxb4 62. Bxb4 Kxb4 63. Ke6 Kxc5 0-1

[Event "COL-ch sf (Women)"]
[Site "Pereira"]
[Date "2024.03.28"]
[Round "2"]
[White "Mogollon Tobar, Nicolle Juliet"]
[Black "Mendoza Gomez, Juana Fernanda"]
[Result "0-1"]
[WhiteElo "1956"]
[BlackElo "1803"]
[PlyCount "90"]
[EventDate "2024.03.27"]
[EventType "swiss"]
[EventRounds "9"]
[EventCountry "COL"]
[SourceTitle "CB14_2024"]
[SourceDate "2024.04.01"]
[SourceVersion "1"]
[SourceVersionDate "2024.04.01"]
[SourceQuality "1"]

1. e4 c5 2. Nf3 Nc6 3. Bb5 e6 4. c3 Nge7 5. 0-0 a6 6. Ba4 b5 7. Bc2 Ng6 8. d4 cxd4 9. cxd4 d5 10. exd5 exd5 11. a4 b4 12. Re1+ Be7 13. Ng5 Qd6 14. Qd3 h6 15. Nf3 a5 16. Ne5 Ngxe5 17. dxe5 Qc5 18. Bb3 Be6 19. Qg3 g5 20. Be3 d4 21. Rc1 Qb6 22. Bxe6 fxe6 23. Bd2 Bc5 24. Be1 Ne7 25. Qf3 Rc8 26. Nd2 Nf5 27. Qh5+ Ke7 28. Rc4 d3 29. Qf3 Bd4 30. Rac1 Rxc4 31. Nxc4 Qa7 32. Qxd3 Rd8 33. Qe4 Bc5 34. Nd2 Rd4 35. Qc6 Rd5 36. Ne4 Nd4 37. Qc8 Ne2+ 38. Kh1 Nxc1 39. Qh8 Rd1 40. Qg7+ Kd8 41. Qg8+ Kc7 42. Qf7+ Kb8 43. Qe8+ Kb7 44. Qb5+ Qb6 45. Nxc5+ Ka7 0-1

[Event "ARG-ch U18 Girls"]
[Site "Ibague"]
[Date "2024.03.17"]
[Round "7"]
[White "Mendoza Gomez, Juana Fernanda"]
[Black "Galindez Guerrero, Tania Isabela"]
[Result "1-0"]
[WhiteElo "1803"]
[BlackElo "1594"]
[PlyCount "41"]
[EventDate "2024.03.14"]
[EventType "swiss"]
[EventRounds "7"]
[EventCountry "COL"]
[SourceTitle "CB12_2024"]
[SourceDate "2023.10.01"]
[SourceVersion "1"]
[SourceVersionDate "2023.10.01"]
[SourceQuality "1"]

1. d4 Nf6 2. c4 e6 3. Nf3 d5 4. g3 c5 5. Bg2 Nc6 6. cxd5 Nxd5 7. 0-0 Be7 8. Nc3 Nc7 9. dxc5 Qxd1 10. Rxd1 Bxc5 11. Bf4 Bb6 12. Bd6 Bd7 13. b4 0-0-0 14. Rac1 Ne8 15. Bf4 Bc7 16. Nb5 Bxf4 17. Nxa7+ Kc7 18. gxf4 Ra8 19. Nxc6 bxc6 20. Ne5 Nf6 21. Nxd7 1-0

[Event "ARG-ch U18 Girls"]
[Site "Ibague"]
[Date "2024.03.16"]
[Round "4"]
[White "Mendoza Gomez, Juana Fernanda"]
[Black "Brito Carrascal, Isabela"]
[Result "1/2-1/2"]
[WhiteElo "1803"]
[BlackElo "1823"]
[PlyCount "54"]
[EventDate "2024.03.14"]
[EventType "swiss"]
[EventRounds "7"]
[EventCountry "COL"]
[SourceTitle "CB12_2024"]
[SourceDate "2023.10.01"]
[SourceVersion "1"]
[SourceVersionDate "2023.10.01"]
[SourceQuality "1"]

1. Nf3 Nf6 2. g3 d5 3. Bg2 e6 4. 0-0 Be7 5. d4 Nbd7 6. c4 0-0 7. b3 b6 8. cxd5 exd5 9. Nc3 Bb7 10. Bb2 c5 11. Rc1 Rc8 12. dxc5 bxc5 13. e3 c4 14. Qe2 Nc5 15. bxc4 dxc4 16. Ne5 Ba6 17. Nc6 Qd7 18. Nb4 Nd3 19. Nxa6 Nxc1 20. Rxc1 Qe6 21. Bb7 Qb6 22. Bxc8 Rxc8 23. g4 Qxa6 24. g5 Nd7 25. Ne4 Qe6 26. Qf3 Nc5 27. Nxc5 Bxc5 1/2-1/2

[Event "ARG-ch U18 Girls"]
[Site "Ibague"]
[Date "2024.03.14"]
[Round "1"]
[White "Mendoza Gomez, Juana Fernanda"]
[Black "Riano Espinoza, Laura Sofia"]
[Result "1-0"]
[WhiteElo "1803"]
[BlackElo "1542"]
[PlyCount "131"]
[EventDate "2024.03.14"]
[EventType "swiss"]
[EventRounds "7"]
[EventCountry "COL"]
[SourceTitle "CB12_2024"]
[SourceDate "2023.10.01"]
[SourceVersion "1"]
[SourceVersionDate "2023.10.01"]
[SourceQuality "1"]

1. d4 d5 2. c4 e6 3. Nf3 Nf6 4. g3 c5 5. cxd5 exd5 6. Bg2 Nc6 7. 0-0 Bf5 8. a3 c4 9. Nc3 Be7 10. Re1 0-0 11. Nh4 Qd7 12. Nxf5 Qxf5 13. e4 dxe4 14. Nxe4 Rad8 15. Nxf6+ Bxf6 16. d5 c3 17. Be4 Qh3 18. Rb1 Ne5 19. Bg2 Qc8 20. bxc3 Qxc3 21. Bb2 Qc7 22. Bd4 b6 23. Rc1 Qb8 24. Be3 Rfe8 25. Qa4 Nd3 26. Bf4 Be5 27. Bxe5 Rxe5 28. Rxe5 Qxe5 29. Rf1 Qe7 30. Qb3 Nc5 31. Qe3 Qd7 32. Re1 Kf8 33. Qc3 h6 34. Qc2 g6 35. Qc3 Kg8 36. Qf6 Re8 37. Re3 Qa4 38. Qa1 Nb3 39. Qe1 Rxe3 40. Qxe3 Qxa3 41. d6 Qa1+ 42. Bf1 Nc5 43. Qe8+ Kg7 44. d7 Nxd7 45. Qxd7 a5 46. Kg2 Qc3 47. Bb5 h5 48. h4 Qb4 49. Bc6 a4 50. Bxa4 Qe4+ 51. Kh2 Qe1 52. Qd4+ Kh7 53. Qxb6 Qe4 54. Bb3 Qf5 55. Qd4 Qf3 56. Bd5 Qf5 57. Be4 Qg4 58. Qd5 Kg7 59. Qe5+ Kh7 60. Qf4 Qxf4 61. gxf4 f5 62. Bd5 Kg7 63. Kg3 Kf6 64. Kf3 Ke7 65. Ke3 Kf6 66. Kd4 1-0